Statistics for Eurovision Song Contest Winners Quiz

Click here to take the quiz!

General Stats

  • This quiz has been taken 246 times
    (63 since last reset)
  • The average score is 52 of 70

Answer Stats

YearArtist(s)SongCountry% Correct
2023LoreenTattooSweden
100%
2022Kalush OrchestraStefania (Стефанія)Ukraine
98%
2021MåneskinZitti e buoniItaly
96%
2012LoreenEuphoriaSweden
96%
2006LordiHard Rock HallelujahFinland
93%
2018NettaToyIsrael
93%
2019Duncan LaurenceArcadeNetherlands
93%
2009Alexander RybakFairytaleNorway
93%
2015Måns ZelmerlöwHeroesSweden
93%
2014Conchita WurstRise Like a PhoenixAustria
91%
1974ABBAWaterlooSweden
91%
2017Salvador SobralAmar pelos doisPortugal
89%
2013Emmelie de ForestOnly TeardropsDenmark
85%
2016Jamala1944Ukraine
85%
2005Helena PaparizouMy Number OneGreece
84%
2010LenaSatelliteGermany
82%
2007Marija ŠerifovićMolitvaSerbia
82%
2011Ell and NikkiRunning ScaredAzerbaijan
80%
1977Marie MyriamL'oiseau et l'enfantFrance
80%
1982NicoleEin bißchen FriedenGermany
80%
1987Johnny LoganHold Me NowIreland
78%
1991CarolaFångad av en stormvindSweden
78%
1980Johnny LoganWhat's Another YearIreland
76%
2008Dima BilanBelieveRussia
76%
1999Charlotte NilssonTake Me to Your HeavenSweden
75%
1988Céline DionNe partez pas sans moiSwitzerland
75%
2004RuslanaWild DancesUkraine
75%
1967Sandie ShawPuppet on a StringUnited Kingdom
75%
1981Bucks FizzMaking Your Mind UpUnited Kingdom
75%
1969LuluBoom Bang-a-BangUnited Kingdom
75%
1997Katrina and the WavesLove Shine a LightUnited Kingdom
75%
1986Sandra KimJ'aime la vieBelgium
73%
1962Isabelle AubretUn premier amourFrance
73%
1994Paul Harrington and Charlie McGettiganRock 'n' Roll KidsIreland
73%
1996Eimear QuinnThe VoiceIreland
73%
1998Dana InternationalDivaIsrael
73%
2003Sertab ErenerEveryway That I CanTurkey
73%
1976Brotherhood of ManSave Your Kisses for MeUnited Kingdom
73%
2000Olsen BrothersFly on the Wings of LoveDenmark
71%
1969Frida BoccaraUn jour, un enfantFrance
71%
1993Niamh KavanaghIn Your EyesIreland
71%
1956Lys AssiaRefrainSwitzerland
71%
1958André ClaveauDors, mon amourFrance
69%
1964Gigliola CinquettiNon ho l'etàItaly
69%
1957Corry BrokkenNet als toenNetherlands
69%
1992Linda MartinWhy MeIreland
67%
1970DanaAll Kinds of EverythingIreland
67%
1973Anne-Marie DavidTu te reconnaîtrasLuxembourg
67%
1959Teddy ScholtenEen beetjeNetherlands
67%
1969SaloméVivo cantandoSpain
67%
2001Tanel Padar, Dave Benton and 2XLEverybodyEstonia
65%
1961Jean-Claude PascalNous les amoureuxLuxembourg
65%
1965France GallPoupée de cire, poupée de sonLuxembourg
65%
1983Corinne HermèsSi la vie est cadeauLuxembourg
65%
1972Vicky LeandrosAprès toiLuxembourg
65%
1978Izhar Cohen and the AlphabetaA-Ba-Ni-BiIsrael
64%
1990Toto CutugnoInsieme: 1992Italy
64%
2002Marie NI WannaLatvia
64%
1963Grethe and Jørgen IngmannDanseviseDenmark
62%
1979Milk and HoneyHallelujahIsrael
62%
1968MassielLa, la, laSpain
62%
1984HerreysDiggi-Loo Diggi-LeySweden
62%
1971SéverineUn banc, un arbre, une rueMonaco
60%
1985Bobbysocks!La det swingeNorway
60%
1960Jacqueline BoyerTom PillibiFrance
58%
1975Teach-InDing-a-dongNetherlands
58%
1995Secret GardenNocturneNorway
58%
1969Lenny KuhrDe troubadourNetherlands
56%
1989RivaRock MeYugoslavia
55%
1966Udo JürgensMerci, ChérieAustria
53%

Score Distribution

Percentile by Number Answered

Percent of People with Each Score

Your Score History

You have not taken this quiz since the last reset